Statistiques concernant Ville à pays n°16

Cliquez ici pour prendre le quiz!

Statistiques générales

  • Ce quiz a été pris 71 fois
  • Le résultat moyen est 11 sur 15

Statistiques - réponses

Ville Et pays % Correct
Hong KongChine
100%
OttawaCanada
100%
SouthamptonRoyaume-Uni
98%
NicosieChypre
98%
MossoulIrak
94%
BonnAllemagne
92%
UtrechtPays-bas
85%
Da NangVietnam
73%
Jerez de la FronteraEspagne
69%
JuneauÉtats-Unis
66%
BrindisiItalie
63%
PuneInde
61%
KisanganiRD Congo
34%
ChittagongBangladesh
24%
MaturinVenezuela
6%

Distribution des résultats

Percentile par nombre de réponses

% des personnes avec chaque résultat

Votre développement - résultats

Vous n’avez pas pris ce quiz